Internet Millennium Edition (Record no. 23)

MARC details
000 -LEADER
fixed length control field 00391nam a22001577a 4500
020 ## - INTERNATIONAL STANDARD BOOK NUMBER
International Standard Book Number 0-07-463981-1
041 ## - LANGUAGE CODE
Language code of text/sound track or separate title ENG
100 ## - MAIN ENTRY--PERSONAL NAME
Personal name Margaret Levine Young
245 ## - TITLE STATEMENT
Title Internet Millennium Edition
250 ## - EDITION STATEMENT
Edition statement Millennium Edition
260 ## - PUBLICATION, DISTRIBUTION, ETC. (IMPRINT)
Place of publication, distribution, etc Delhi
Name of publisher, distributor, etc Tata Mcgraw Hill Education Private Limited
Date of publication, distribution, etc 1993
300 ## - PHYSICAL DESCRIPTION
Extent 956
650 ## - SUBJECT ADDED ENTRY--TOPICAL TERM
Topical term or geographic name as entry element Computer
700 ## - ADDED ENTRY--PERSONAL NAME
Personal name Doug Muder
856 ## - ELECTRONIC LOCATION AND ACCESS
Uniform Resource Identifier Computer
Holdings
Withdrawn status Lost status Source of classification or shelving scheme Damaged status Not for loan Home library Current library Shelving location Date acquired Cost, normal purchase price Barcode Date last seen Price effective from Koha item type
    Dewey Decimal Classification     College of Agricultural Engineering and Technology, Dapoli , Library College of Agricultural Engineering and Technology, Dapoli , Library General Stacks 09/10/2020 737.00 007405 09/10/2020 09/10/2020 Books

Contact Us: College of Agricultural Engineering and Technology, Dapoli, Dist.- Ratnagiri
Website: https://dbskkv.org Email: caetlibrary2015@gmail.com